Red Bull - BORA - hansgrohe Riders 2026 - Statistics

General Stats
  • This quiz has been taken 3 times
  • The average score is 17 of 30
Answer Stats
Hint Answer % Correct
RUS Aleksandr Vlasov
100%
COL Daniel Martínez
100%
NED Danny van Poppel
100%
GER Florian Lipowitz
100%
AUS Jai Hindley
100%
SLO Jan Tratnik
100%
ITA Mattia Cattaneo
100%
SLO Primož Roglič
100%
BEL Remco Evenepoel
100%
GER Ben Zwiehoff
67%
ITA Gianni Moscon
67%
ITA Giulio Pellizzari
67%
NZL Laurence Pithie
67%
NED Mick van Dijke
67%
NED Tim van Dijke
67%
FRA Adrien Boichis
33%
AUT Alexander Hajek
33%
GER Emil Herzog
33%
NZL Finn Fisher-Black
33%
BEL Gianni Vermeersch
33%
ITA Giovanni Aleotti
33%
AUS Jarrad Drizners
33%
BEL Jordi Meeus
33%
AUS Luke Tuckwell
33%
BEL Maxim Van Gils
33%
GER Nico Denz
33%
BEL Arne Marit
0%
GBR Callum Thornley
0%
DEN Frederik Wandahl
0%
ESP Haimar Etxeberria
0%
No matching quizzes found
Score Distribution
Percent of People with Each Score
Percentile by Number Answered
Your Score History
You have not taken this quiz